000 00939nam a2200217Ia 4500
003 OSt
005 20260122193831.0
007 ca aa aaaaa
008 201103s9999 xx 000 0 und d
040 _cSSBUL
_aSSBUL
041 _abur
082 _a၂၉၄.၃၈၂၃
_bဝါ
100 _a ဝါသေဋ္ဌာဘိဝံသ၊ အရှင်၊ သပြေကန်ဆရာတော်ကြီး
245 1 0 _aပရိတ်ကြီးနိဿယသစ် /
_c သပြေကန်ဆရာတော်ကြီးအရှင်ဝါသေဋ္ဌာဘိဝံသ၊၊
250 _a အဋ္ဌမအကြိမ်။
260 _aရန်ကုန် ၊
_bဝင်းမြင့်အောင်စာပေ၊
_c၁၉၉၉။
300 _a၆၁၂ စာမျက်နှာ ၊
_c၂၅ စင်တီ။
500 _aS-SAT: Dr. Prof Sai Aung Tun
942 _cBK1
_2ddc
942 _2ddc
999 _c19525
_d19525